| 000 | 01501nam0a22002651 4500 | ||
|---|---|---|---|
| 001 | v19\rc\2023274 | ||
| 005 | 20250620005242.0 | ||
| 035 | _a(NLR Aleph) 005103353 | ||
| 090 |
_a7416077 _c7416077 |
||
| 100 | _a20080925e19161914|||y0rusy50 ca | ||
| 101 | 0 | _arus | |
| 102 | _aRU | ||
| 105 | _aab z |||c| | ||
| 200 | 1 |
_aКраткий почвенно-географический очерк Северо-Восточной части Акмолинского уезда Акмолинской области _fВ.И. Искюль _gМ-во зем. Переселенч. упр. |
|
| 210 |
_aПетроград _cтип. А.Э. Коллинс _d1916 |
||
| 215 |
_a71-81 с., 4 л. ил., карт. _d25 |
||
| 311 | _aОтт. из Предвар. отчета об орг. и исполнении работ по исслед. почв Азиат. России в 1914 г. | ||
| 488 | 0 |
_12001#$aПредварительный отчет об организации и исполнении работ по исследованию почв Азиатской России в 1914 г. _tПредварительный отчет об организации и исполнении работ по исследованию почв Азиатской России в 1914 г. |
|
| 700 | 1 |
_aИскюль _bВ.И. _f1880- _gВладимир Иванович |
|
| 801 | 0 |
_aRU _bNLR _gpsbo |
|
| 801 | 0 |
_aRU _bRuMoRGB _2psbo |
|
| 801 | 1 |
_aRU _bProSoft-M _2rusmarc |
|
| 852 |
_aNLR _j62-7/2766 |
||
| 942 | _cBOOK | ||
| 980 | _aNB | ||